[Event "V Open Carnevale"]
[Site "Viareggio ITA"]
[Date "2000.02.25"]
[Round "1"]
[White "Cacco, Christian"]
[Black "Belli, Michela"]
[Result "1-0"]
[WhiteElo "2263"]
[BlackElo "1621"]
[PlyCount "75"]
[EventDate "2000.02.25"]

1. d4 Nf6 2. Nf3 d5 3. c4 e6 4. Bg5 b6 5. Nc3 Bb4 6. e3 O-O 7. cxd5 Qxd5 8.
Bxf6 gxf6 9. Be2 Qd7 10. O-O Bb7 11. Rc1 a6 12. Qb3 Bd6 13. Rfd1 Nc6 14. Ne4
Kg7 15. Ng3 Bxg3 16. hxg3 Ne7 17. Qc2 Rac8 18. e4 Rfd8 19. b4 c6 20. g4 Ng6 21.
Qd2 e5 22. g5 exd4 23. gxf6+ Kh8 24. Qh6 Rg8 25. Ng5 Nf8 26. Bh5 Rxg5 27. Qxg5
Ne6 28. Bg4 Rg8 29. Qh4 c5 30. Bf5 Ng5 31. Qxg5 Rxg5 32. Bxd7 Bxe4 33. Bh3 Bf3
34. bxc5 bxc5 35. Rxd4 h5 36. Rd7 Kg8 37. Re1 Bd5 38. f4 1-0

[Event "V Open Carnevale"]
[Site "Viareggio ITA"]
[Date "2000.02.25"]
[Round "1"]
[White "Castagneti, Marco"]
[Black "Djuric, Stefan"]
[Result "0-1"]
[WhiteElo "1633"]
[BlackElo "2491"]
[PlyCount "104"]
[EventDate "2000.02.25"]

1. e4 c5 2. Nf3 g6 3. d4 Bg7 4. Be3 Nf6 5. Nbd2 Ng4 6. Be2 Nxe3 7. fxe3 O-O 8.
O-O Bh6 9. c3 d6 10. e5 Bxe3+ 11. Kh1 d5 12. dxc5 Bxc5 13. Nb3 Be3 14. Qd3 Bh6
15. Rad1 e6 16. c4 Nc6 17. cxd5 Nb4 18. Qb5 Nxd5 19. Nc5 Qb6 20. Rfe1 Qxb5 21.
Bxb5 a6 22. Bc4 Ne3 23. Rc1 b6 24. Ne4 Bb7 25. Nd6 Nxc4 26. Rxc4 Bd5 27. Rh4
Bg7 28. a3 Ra7 29. Rd4 Rc7 30. Rdd1 Rc5 31. Rc1 Rxc1 32. Rxc1 Bxf3 33. gxf3
Bxe5 34. Rc6 Bxb2 35. Rxb6 Bxa3 36. Rxa6 Bxd6 37. Rxd6 Rc8 38. Rd2 Rc7 39. Kg2
Kg7 40. Kg3 g5 41. h3 h5 42. Re2 Kg6 43. Re5 h4+ 44. Kg2 Rc2+ 45. Kg1 Rd2 46.
Re4 Kf5 47. Ra4 e5 48. Re4 Rd4 49. Re3 Kf4 50. Ra3 Kg3 51. Kf1 Rf4 52. Ke2 Kxh3
0-1

[Event "V Open Carnevale"]
[Site "Viareggio ITA"]
[Date "2000.02.25"]
[Round "1"]
[White "Colovic, Aleksandar"]
[Black "Santilli, Enrico"]
[Result "1-0"]
[WhiteElo "2414"]
[BlackElo "1630"]
[PlyCount "93"]
[EventDate "2000.02.25"]

1. e4 d5 2. exd5 Nf6 3. c4 c6 4. d4 cxd5 5. Nc3 Nc6 6. Nf3 Bg4 7. cxd5 Nxd5 8.
Qb3 Bxf3 9. gxf3 Nb6 10. Be3 e6 11. O-O-O Qc8 12. Kb1 Bb4 13. Rg1 Bxc3 14. Qxc3
Nd5 15. Qa3 g6 16. Bc4 Qd7 17. Bg5 h6 18. Bh4 g5 19. Bg3 O-O-O 20. Rc1 Nf4 21.
Bb5 Kb8 22. Rgd1 Rc8 23. Qa4 Qd5 24. Bxc6 Rxc6 25. Rxc6 Qxc6 26. Qxc6 bxc6 27.
Re1 Kb7 28. Bxf4 gxf4 29. Re4 h5 30. Rxf4 f5 31. Rh4 Kc7 32. Kc2 Kd6 33. Kd3
Kd5 34. Ke3 a5 35. Kf4 Kxd4 36. Kg5+ Ke5 37. f4+ Ke4 38. Kf6 Rg8 39. f3+ Kxf3
40. Kxe6 Rg4 41. Rxh5 Kxf4 42. Rxf5+ Ke4 43. Rxa5 Rg6+ 44. Kd7 Rh6 45. h4 Kd4
46. b3 c5 47. Ke7 1-0

[Event "V Open Carnevale"]
[Site "Viareggio ITA"]
[Date "2000.02.25"]
[Round "1"]
[White "De Lucia, Alfredo"]
[Black "Ausmins, Elmar"]
[Result "0-1"]
[WhiteElo "1617"]
[BlackElo "2255"]
[PlyCount "70"]
[EventDate "2000.02.25"]

1. e4 c5 2. Nf3 d6 3. c3 Nf6 4. Na3 Nc6 5. d3 g6 6. Be2 Bg7 7. O-O O-O 8. Nc2
b5 9. Ne3 Bb7 10. Re1 a5 11. a4 bxa4 12. Qxa4 Nd7 13. Nd5 e6 14. Ne3 Nb6 15.
Qc2 d5 16. exd5 exd5 17. Bd2 a4 18. Ra2 Qd7 19. b4 d4 20. cxd4 cxb4 21. Qc5 b3
22. Ra3 Nxd4 23. Qxb6 Nxe2+ 24. Rxe2 Bxf3 25. gxf3 Rfb8 26. Qc5 Qxd3 27. Qc4
Qxe2 28. Qxe2 b2 29. Nd5 b1=Q+ 30. Kg2 Qb2 31. Ne7+ Kh8 32. Re3 a3 33. Nc6 Rc8
34. Na5 a2 35. Nc4 Qb5 0-1

[Event "V Open Carnevale"]
[Site "Viareggio ITA"]
[Date "2000.02.25"]
[Round "1"]
[White "Diena, Giovanni"]
[Black "Corvi, Marco"]
[Result "0-1"]
[WhiteElo "1627"]
[BlackElo "2296"]
[PlyCount "34"]
[EventDate "2000.02.25"]

1. c4 f5 2. Nc3 Nf6 3. Nf3 d6 4. g3 g6 5. Bg2 Bg7 6. O-O O-O 7. Qb3 c6 8. d3
Nbd7 9. c5+ d5 10. d4 Ne4 11. e3 Kh8 12. Nxe4 fxe4 13. Ng5 Nf6 14. Bh3 Bxh3 15.
Nxh3 Qd7 16. Nf4 g5 17. Ng2 Qh3 0-1

[Event "V Open Carnevale"]
[Site "Viareggio ITA"]
[Date "2000.02.25"]
[Round "1"]
[White "Ficco, Corrado"]
[Black "Menichetti, Maurizio"]
[Result "1-0"]
[WhiteElo "2150"]
[BlackElo "1594"]
[PlyCount "67"]
[EventDate "2000.02.25"]

1. e4 e5 2. Nf3 Nc6 3. Bb5 a6 4. Ba4 Nf6 5. O-O Nxe4 6. d4 exd4 7. Nxd4 Ne7 8.
Bb3 b5 9. Bxf7+ Kxf7 10. Qf3+ Nf6 11. Qxa8 Ned5 12. Bg5 Bc5 13. Nb3 Nb6 14. Qf3
Be7 15. Nc3 h6 16. Bxf6 Bxf6 17. Ne4 Kg8 18. c3 Bg5 19. Rfe1 d6 20. Rad1 Nd7
21. Nxg5 hxg5 22. Nd4 Rh6 23. Qd5+ Kh8 24. Nc6 Qf8 25. Qxg5 Nf6 26. Ne7 Qf7 27.
Nxc8 Rg6 28. Qf4 Qd7 29. Ne7 Rg4 30. Qf3 Rg5 31. Rd4 Rh5 32. Ng6+ Kg8 33. Qa8+
Kh7 34. Nf8+ 1-0

[Event "V Open Carnevale"]
[Site "Viareggio ITA"]
[Date "2000.02.25"]
[Round "1"]
[White "Genduso, Carmelo"]
[Black "Burgassi, Daniele"]
[Result "1-0"]
[WhiteElo "2224"]
[BlackElo "1600"]
[PlyCount "63"]
[EventDate "2000.02.25"]

1. e4 c5 2. Nf3 Nc6 3. Bb5 g6 4. c3 Bg7 5. O-O e5 6. Re1 Qc7 7. Na3 Nf6 8. h3
O-O 9. d3 a6 10. Ba4 b5 11. Bb3 Rb8 12. Be3 d6 13. Qd2 a5 14. Bh6 Nh5 15. g4
Nf6 16. Rac1 Qd7 17. Nh2 a4 18. Bd1 Ne7 19. Bf3 Bb7 20. Bxg7 Kxg7 21. d4 cxd4
22. cxd4 exd4 23. g5 Nh5 24. Bg4 Qd8 25. Qxd4+ Kg8 26. Nxb5 Nc6 27. Qxd6 Qxg5
28. Rc5 Qf6 29. Bxh5 Qxb2 30. Nc3 Rfd8 31. Qf6 Qb4 32. Ng4 1-0

[Event "V Open Carnevale"]
[Site "Viareggio ITA"]
[Date "2000.02.25"]
[Round "1"]
[White "Gualtieri, Primo"]
[Black "Iudicello, Marco"]
[Result "0-1"]
[WhiteElo "1600"]
[BlackElo "2214"]
[PlyCount "84"]
[EventDate "2000.02.25"]

1. e4 c5 2. d4 cxd4 3. c3 d3 4. Bxd3 Nc6 5. Nf3 d6 6. Be3 g6 7. O-O Bg7 8. Nbd2
Nf6 9. Qe2 O-O 10. h3 Bd7 11. Bf4 Qc8 12. e5 Nh5 13. Bh2 dxe5 14. Nxe5 Be6 15.
Nxc6 Qxc6 16. Be4 Qb6 17. Nf3 Nf6 18. Ng5 Nxe4 19. Qxe4 Bf5 20. Qe2 h6 21. Nf3
Rad8 22. Rad1 Qe6 23. Qxe6 Bxe6 24. a3 Bb3 25. Rxd8 Rxd8 26. Re1 e6 27. Be5 f6
28. Bc7 Rd7 29. Bb8 a6 30. Nd4 Bd5 31. Nxe6 Re7 32. Nxg7 Rxe1+ 33. Kh2 Kxg7 34.
Ba7 Bb3 35. h4 Re2 36. g4 Rxb2 37. Kg3 Bd1 38. Bd4 Kf7 39. f4 Rb3 40. a4 Ra3
41. g5 fxg5 42. hxg5 h5 0-1

[Event "V Open Carnevale"]
[Site "Viareggio ITA"]
[Date "2000.02.25"]
[Round "1"]
[White "Isonzo, David"]
[Black "Garfagnoli, Marco"]
[Result "1-0"]
[WhiteElo "2253"]
[BlackElo "1615"]
[PlyCount "80"]
[EventDate "2000.02.25"]

1. e4 e6 2. d4 d5 3. Nc3 Bb4 4. e5 Ne7 5. a3 Bxc3+ 6. bxc3 c5 7. Qg4 Nbc6 8.
Qxg7 Rg8 9. Qxh7 cxd4 10. f4 Qa5 11. Ne2 dxc3 12. Rb1 b6 13. Qd3 Ba6 14. Qxc3
Qxc3+ 15. Nxc3 Bxf1 16. Kxf1 Nd4 17. Nb5 Nxb5 18. Rxb5 Rc8 19. Rb2 Kd7 20. Bd2
Nf5 21. Kf2 Nh4 22. g3 Nf5 23. c3 Kc6 24. Kf3 Kb7 25. Be1 Rc4 26. Rb4 Rgc8 27.
Rxc4 Rxc4 28. h4 d4 29. cxd4 Nxd4+ 30. Kg4 Nc2 31. h5 Nxa3 32. h6 Rc8 33. h7
Rh8 34. Kg5 Nc2 35. Bf2 a5 36. Kh6 a4 37. Rb1 a3 38. Rxb6+ Kc7 39. Ra6 Kb7 40.
Ra7+ Kb8 1-0

[Event "V Open Carnevale"]
[Site "Viareggio ITA"]
[Date "2000.02.25"]
[Round "1"]
[White "Parente, Giuseppe"]
[Black "Luciani, Valerio"]
[Result "0-1"]
[WhiteElo "1600"]
[BlackElo "2156"]
[PlyCount "62"]
[EventDate "2000.02.25"]

1. Nf3 d6 2. g3 f5 3. c4 Nf6 4. Nc3 g6 5. d3 Bg7 6. Bg2 O-O 7. Bg5 c6 8. d4 Qe8
9. O-O Nh5 10. Qd2 e5 11. Bh6 e4 12. Bxg7 exf3 13. Bxf8 fxg2 14. Kxg2 Qxf8 15.
d5 c5 16. f4 Nf6 17. Qd3 Qe7 18. Rae1 Na6 19. a3 Ne4 20. Nd1 Bd7 21. Rf3 Nc7
22. Re3 Ne8 23. g4 Qh4 24. Rf1 Qxg4+ 25. Kh1 N8f6 26. Ref3 Rb8 27. Qe3 Re8 28.
Rg1 Ng3+ 29. Rgxg3 Rxe3 30. Rxg4 Rxf3 31. Rh4 Rf1+ 0-1

[Event "V Open Carnevale"]
[Site "Viareggio ITA"]
[Date "2000.02.25"]
[Round "1"]
[White "Pastorini, Mario"]
[Black "Pantini, Pier Luigi"]
[Result "1-0"]
[WhiteElo "2165"]
[BlackElo "1600"]
[PlyCount "61"]
[EventDate "2000.02.25"]

1. c4 e6 2. Nf3 Nf6 3. g3 Be7 4. Bg2 O-O 5. O-O d5 6. b3 Nbd7 7. Bb2 Re8 8. d4
c6 9. Nbd2 Bd6 10. Qc2 e5 11. cxd5 Nxd5 12. Nc4 Nb4 13. Qd2 Nf8 14. Nxd6 Qxd6
15. dxe5 Qxd2 16. Nxd2 Be6 17. Ne4 Red8 18. Rfc1 a5 19. Kf1 Rd7 20. Nc5 Rd2 21.
Bc3 Rc2 22. Rxc2 Nxc2 23. Rd1 b6 24. Nxe6 fxe6 25. Rd2 Na3 26. Bb2 a4 27. Bxc6
Rc8 28. Bxa3 Rxc6 29. Rd8 g6 30. Rxf8+ Kg7 31. Rf6 1-0

[Event "V Open Carnevale"]
[Site "Viareggio ITA"]
[Date "2000.02.25"]
[Round "1"]
[White "Soventi, Maurizio"]
[Black "Femiano, Andrea"]
[Result "0-1"]
[WhiteElo "1500"]
[BlackElo "2163"]
[PlyCount "60"]
[EventDate "2000.02.25"]

1. e4 c5 2. c3 Nf6 3. e5 Nd5 4. d4 cxd4 5. cxd4 b6 6. Nf3 Bb7 7. Be2 e6 8. O-O
Be7 9. Nc3 Nxc3 10. bxc3 Qc7 11. Bb2 O-O 12. Rc1 d6 13. Ba3 Nc6 14. exd6 Bxd6
15. Bxd6 Qxd6 16. Bd3 Rad8 17. Ng5 g6 18. Ne4 Qc7 19. Qd2 Kg7 20. Ng5 h6 21.
Nf3 e5 22. Qc2 f5 23. dxe5 Nxe5 24. Nd4 Rf6 25. Bb5 Ng4 26. g3 f4 27. Rfe1 fxg3
28. fxg3 Qc5 29. Qe2 Qd5 30. Bc4 Qh1# 0-1

[Event "V Open Carnevale"]
[Site "Viareggio ITA"]
[Date "2000.02.25"]
[Round "2"]
[White "Ambrosi, Eleonora"]
[Black "Ficco, Corrado"]
[Result "0-1"]
[WhiteElo "1707"]
[BlackElo "2150"]
[PlyCount "60"]
[EventDate "2000.02.25"]

1. e4 c5 2. Nf3 Nc6 3. d4 cxd4 4. Nxd4 Nf6 5. Nc3 e5 6. Ndb5 d6 7. Be3 a6 8.
Na3 b5 9. Nd5 Rb8 10. Nxf6+ Qxf6 11. Be2 Bb7 12. f3 Nd4 13. O-O d5 14. exd5
Bxa3 15. bxa3 Bxd5 16. Bd3 O-O 17. c3 Ne6 18. Bxh7+ Kxh7 19. Qxd5 Rbc8 20. Qe4+
Kg8 21. Rac1 Rc4 22. Qb1 Rd8 23. Qb3 Rd3 24. Bf2 Nf4 25. Rfe1 Qg5 26. Bg3 Ne2+
27. Rxe2 Qxc1+ 28. Re1 Qxc3 29. Qxc3 Rdxc3 30. Bxe5 Rxa3 0-1

[Event "V Open Carnevale"]
[Site "Viareggio ITA"]
[Date "2000.02.25"]
[Round "2"]
[White "Ausmins, Elmar"]
[Black "Calugi, Francesco"]
[Result "1-0"]
[WhiteElo "2255"]
[BlackElo "1783"]
[PlyCount "71"]
[EventDate "2000.02.25"]

1. d4 Nf6 2. Nf3 g6 3. c4 Bg7 4. Nc3 d6 5. e4 O-O 6. Be2 e5 7. O-O exd4 8. Nxd4
Re8 9. f3 Nc6 10. Nxc6 bxc6 11. Bg5 Qe7 12. Qd2 Rb8 13. b3 Qe6 14. Rad1 Bb7 15.
Rfe1 a6 16. Bf1 c5 17. Kh1 Bc6 18. Nd5 Bxd5 19. cxd5 Qc8 20. Qa5 Ra8 21. g3 Nh5
22. g4 Nf6 23. Qd2 Rb8 24. Bh6 Bh8 25. e5 Rxe5 26. Rxe5 dxe5 27. d6 cxd6 28.
Qxd6 e4 29. Bc4 exf3 30. g5 Ne4 31. Qd7 Qe8 32. Qc7 Be5 33. Bxf7+ Kh8 34. Qa7
Qb5 35. Bc4 Qb4 36. a3 1-0

[Event "V Open Carnevale"]
[Site "Viareggio ITA"]
[Date "2000.02.25"]
[Round "2"]
[White "Bertino, Andrea"]
[Black "Cacco, Christian"]
[Result "0-1"]
[WhiteElo "1795"]
[BlackElo "2263"]
[PlyCount "118"]
[EventDate "2000.02.25"]

1. e4 c5 2. Nc3 Nc6 3. g3 g6 4. Bg2 Bg7 5. d3 Rb8 6. Be3 d6 7. Qd2 b5 8. Nge2
h5 9. d4 b4 10. Nd1 cxd4 11. Nxd4 Ne5 12. Qe2 Bd7 13. h3 Qc7 14. f4 Nc4 15. Bf2
e5 16. fxe5 dxe5 17. Nb3 Bb5 18. Qf3 Nf6 19. c3 Nd6 20. Nc5 bxc3 21. Nxc3 O-O
22. b3 Qa5 23. a3 Ba6 24. Ra2 Bc8 25. O-O Qc7 26. b4 a5 27. Rb1 Re8 28. b5 Bb7
29. a4 Nd7 30. Nxb7 Rxb7 31. Nd5 Qc4 32. Qe2 Nf6 33. Nxf6+ Bxf6 34. Qxc4 Nxc4
35. Rc1 Nb6 36. Be1 Ra8 37. Rc6 Bd8 38. Bc3 Nd7 39. Bf3 Bb6+ 40. Kg2 Re8 41.
Bd1 Rc7 42. Rxc7 Bxc7 43. Bb3 Nc5 44. Bd5 Kg7 45. Bd2 Rd8 46. Be3 Nd7 47. Rc2
Bb6 48. Bg5 f6 49. Bd2 Nc5 50. Bxa5 Nxa4 51. Bxb6 Nxb6 52. Rc7+ Kh6 53. Rc5 f5
54. Kf2 h4 55. gxh4 Kh5 56. Rc7 Kxh4 57. Rh7+ Kg5 58. h4+ Kf4 59. Bc6 Rd2+ 0-1

[Event "V Open Carnevale"]
[Site "Viareggio ITA"]
[Date "2000.02.25"]
[Round "2"]
[White "Casarosa, Michele"]
[Black "Colovic, Aleksandar"]
[Result "0-1"]
[WhiteElo "1822"]
[BlackElo "2414"]
[PlyCount "68"]
[EventDate "2000.02.25"]

1. e4 c5 2. Nf3 d6 3. d4 cxd4 4. Nxd4 Nf6 5. Nc3 a6 6. Be2 e5 7. Nb3 Be7 8. O-O
O-O 9. a4 Be6 10. Be3 Nbd7 11. Qd2 Nb6 12. Bxb6 Qxb6 13. Nd5 Bxd5 14. exd5 a5
15. Bb5 Qc7 16. Rfd1 Ne4 17. Qe3 f5 18. c3 Nc5 19. Nxc5 dxc5 20. f4 e4 21. Be2
Bd6 22. g3 Rae8 23. c4 Rd8 24. Rac1 Be7 25. b3 Bf6 26. Kg2 b6 27. h4 g6 28. h5
Qg7 29. hxg6 hxg6 30. g4 Bd4 31. Qg3 g5 32. gxf5 gxf4 33. Qxg7+ Kxg7 34. Bg4
Kf6 0-1

[Event "V Open Carnevale"]
[Site "Viareggio ITA"]
[Date "2000.02.25"]
[Round "2"]
[White "Djuric, Stefan"]
[Black "Nelli, Luca"]
[Result "1-0"]
[WhiteElo "2491"]
[BlackElo "1936"]
[PlyCount "53"]
[EventDate "2000.02.25"]

1. e4 e5 2. Nf3 Nc6 3. Bb5 a6 4. Ba4 Nf6 5. d4 Nxd4 6. Nxd4 exd4 7. e5 Ne4 8.
Qxd4 Nc5 9. Bb3 Nxb3 10. axb3 Be7 11. Qg4 Kf8 12. Qf3 Rb8 13. O-O f6 14. Nc3 d6
15. exf6 Bxf6 16. Re1 c6 17. Ne4 d5 18. Nxf6 Qxf6 19. Bf4 Ra8 20. Bd6+ Kf7 21.
Re7+ Kg6 22. Qg3+ Kh5 23. Rxg7 Bf5 24. Be5 Qh4 25. Qf3+ Bg4 26. Qf7+ Kh6 27.
Bf4+ 1-0

[Event "V Open Carnevale"]
[Site "Viareggio ITA"]
[Date "2000.02.25"]
[Round "2"]
[White "Femiano, Andrea"]
[Black "Bondielli, Giorgio"]
[Result "1-0"]
[WhiteElo "2163"]
[BlackElo "1747"]
[PlyCount "73"]
[EventDate "2000.02.25"]

1. e4 e5 2. Nf3 Nf6 3. Nc3 Bb4 4. Bc4 O-O 5. O-O d6 6. d3 h6 7. h3 Be6 8. Qe2
Qd7 9. Bxe6 fxe6 10. d4 exd4 11. Nxd4 Nc6 12. Nf3 Qf7 13. a3 Bxc3 14. bxc3 Nh5
15. Rb1 Rab8 16. Qc4 Na5 17. Qb5 b6 18. Qe2 Nb7 19. Nd4 Nc5 20. Nc6 Ra8 21. Bd2
Nf4 22. Bxf4 Qxf4 23. f3 a5 24. Rbd1 Rae8 25. e5 Qa4 26. Nd4 d5 27. Nb5 c6 28.
Nd6 Re7 29. Rb1 Nd7 30. Rfd1 Qxa3 31. Qe3 Rb8 32. Kh1 Qc5 33. Qe1 b5 34. Qh4
Kf8 35. Rd4 Nxe5 36. Qf4+ Nf7 37. Nxf7 1-0

[Event "V Open Carnevale"]
[Site "Viareggio ITA"]
[Date "2000.02.25"]
[Round "2"]
[White "Forno, Roberto"]
[Black "Isonzo, David"]
[Result "1/2-1/2"]
[WhiteElo "1780"]
[BlackElo "2253"]
[PlyCount "115"]
[EventDate "2000.02.25"]

1. e4 c5 2. Nf3 d6 3. d4 cxd4 4. Nxd4 Nf6 5. Nc3 a6 6. Be2 e5 7. Nb3 Be7 8. O-O
O-O 9. f4 Nbd7 10. Be3 b5 11. Bf3 Bb7 12. g4 exf4 13. Bxf4 Ne5 14. g5 Nfd7 15.
Bg2 Bxg5 16. Qxd6 Bxf4 17. Rxf4 Nc4 18. Qb4 Ne3 19. Rf2 Ne5 20. Nd4 Nxg2 21.
Kxg2 Qg5+ 22. Kh1 Qh4 23. Rg2 Bxe4 24. Nxe4 Qxe4 25. Re1 Qd5 26. Nf5 Ng6 27.
Qg4 Rae8 28. Ne7+ Rxe7 29. Rxe7 h5 30. Rd7 hxg4 31. Rxd5 Nf4 32. Rd6 Nxg2 33.
Kxg2 Ra8 34. Kg3 Kf8 35. Kxg4 Ke7 36. Rb6 Ra7 37. h4 Kd7 38. Rb8 Rc7 39. c3 Rc6
40. h5 Ke7 41. Rb7+ Kf6 42. Rd7 Rc4+ 43. Kg3 Rc5 44. Rd6+ Ke7 45. Rxa6 Rxh5 46.
Ra5 g6 47. c4 bxc4 48. Rxh5 gxh5 49. Kh4 Kd6 50. Kxh5 Ke5 51. Kg4 Ke4 52. Kg3
Kd3 53. a4 Kd4 54. Kf4 Kc5 55. Ke4 Kb4 56. Kd4 Kxa4 57. Kxc4 Ka5 58. Kd5
1/2-1/2

[Event "V Open Carnevale"]
[Site "Viareggio ITA"]
[Date "2000.02.25"]
[Round "2"]
[White "Iudicello, Marco"]
[Black "Masullo, Andrea"]
[Result "0-1"]
[WhiteElo "2214"]
[BlackElo "1774"]
[PlyCount "77"]
[EventDate "2000.02.25"]

1. e4 e5 2. Nf3 Nc6 3. Bc4 Bc5 4. c3 Nf6 5. d4 exd4 6. cxd4 Bb4+ 7. Nc3 Nxe4 8.
O-O Bxc3 9. bxc3 d5 10. Re1 O-O 11. Rxe4 dxe4 12. Ng5 Bf5 13. g4 Bg6 14. h4 Na5
15. Be2 h6 16. h5 Bxh5 17. Nxe4 Bg6 18. Ng3 f5 19. Qc2 f4 20. Qxg6 fxg3 21.
fxg3 Qf6 22. Qxf6 Rxf6 23. Bf4 Rc6 24. Rc1 g5 25. d5 Rc5 26. Be5 Re8 27. Bd4
Rxd5 28. Bf3 Rdd8 29. Kf2 b6 30. Rh1 c5 31. Be3 Nc4 32. Bc1 Rf8 33. Kg2 Rd3 34.
Be4 Ne3+ 35. Kh3 Rxc3 36. Bb2 Rc4 37. Bd3 Rxg4 38. Re1 Rf3 39. Be5 0-1

[Event "V Open Carnevale"]
[Site "Viareggio ITA"]
[Date "2000.02.25"]
[Round "2"]
[White "Luciani, Valerio"]
[Black "Pieraccini, Carlo Alberto"]
[Result "1-0"]
[WhiteElo "2156"]
[BlackElo "1730"]
[PlyCount "75"]
[EventDate "2000.02.25"]

1. d4 d5 2. Nf3 Nf6 3. c4 e6 4. g3 c6 5. Bg2 Nbd7 6. O-O Be7 7. b3 O-O 8. Bb2
Ne4 9. Nfd2 Nxd2 10. Nxd2 f5 11. f3 Qc7 12. e4 f4 13. g4 Bf6 14. e5 Be7 15. Qe2
b6 16. Rfd1 Bb7 17. cxd5 cxd5 18. Rac1 Qd8 19. Nb1 Rc8 20. Qd2 Nb8 21. Bf1 a6
22. Rxc8 Bxc8 23. Rc1 Bb7 24. Bd3 Qd7 25. Nc3 b5 26. Ne2 Nc6 27. Bb1 Bd8 28.
Ba3 Ba5 29. Qd3 g5 30. Bxf8 Kxf8 31. Qxh7 Qxh7 32. Bxh7 Bb6 33. Kg2 a5 34. Bd3
b4 35. Bb5 Ne7 36. h4 Ng6 37. hxg5 Bd8 38. Bd3 1-0

[Event "V Open Carnevale"]
[Site "Viareggio ITA"]
[Date "2000.02.25"]
[Round "2"]
[White "Patelli, Alessandro"]
[Black "Picard, Joel"]
[Result "1-0"]
[WhiteElo "2233"]
[BlackElo "1618"]
[PlyCount "51"]
[EventDate "2000.02.25"]

1. Nf3 Nf6 2. c4 g6 3. Nc3 Bg7 4. e4 d6 5. d4 O-O 6. Be2 e5 7. O-O Nc6 8. d5
Ne7 9. Nd2 a5 10. a3 Ne8 11. Rb1 f5 12. b4 b6 13. f3 h5 14. c5 Kh8 15. Nc4 Ng8
16. cxb6 cxb6 17. Be3 Nh6 18. Bxb6 Qg5 19. Kh1 f4 20. Bf2 Rf7 21. Nb6 Nf6 22.
h4 Qg3 23. Bxg3 fxg3 24. Nxa8 Bf8 25. Nb5 Be7 26. Qc1 1-0

[Event "V Open Carnevale"]
[Site "Viareggio ITA"]
[Date "2000.02.25"]
[Round "2"]
[White "Pieraccini, Riccardo"]
[Black "Pastorini, Mario"]
[Result "1-0"]
[WhiteElo "1717"]
[BlackElo "2165"]
[PlyCount "45"]
[EventDate "2000.02.25"]

1. d4 Nf6 2. Nf3 g6 3. Bg5 Bg7 4. Qc1 c5 5. Bh6 Bxh6 6. Qxh6 Qb6 7. Nbd2 cxd4
8. O-O-O d6 9. Nc4 Qa6 10. e3 Qxa2 11. Qg7 Rg8 12. Nxd6+ exd6 13. Qxf6 Qa1+ 14.
Kd2 Qxb2 15. Nxd4 Qb4+ 16. Ke2 Nd7 17. Qg5 Ne5 18. f3 Qc5 19. f4 Bg4+ 20. Kf2
Bxd1 21. fxe5 Bxc2 22. Bb5+ Kf8 23. Ne6+ 1-0

[Event "V Open Carnevale"]
[Site "Viareggio ITA"]
[Date "2000.02.25"]
[Round "2"]
[White "Sinelnikov, Igor"]
[Black "Miladinovic, Igor"]
[Result "0-1"]
[WhiteElo "2107"]
[BlackElo "2538"]
[PlyCount "86"]
[EventDate "2000.02.25"]

1. e4 c5 2. Nc3 Nc6 3. g3 g6 4. Bg2 Bg7 5. d3 d6 6. Nf3 e5 7. O-O Nge7 8. Be3
h6 9. a4 Be6 10. Nd2 Qd7 11. Nc4 O-O 12. Qd2 Kh7 13. f4 exf4 14. gxf4 f5 15.
Rae1 fxe4 16. Nxe4 Nf5 17. c3 b6 18. Ng3 Nh4 19. Bh1 Bh3 20. Rf2 Rae8 21. f5
Nxf5 22. Nxf5 Bxf5 23. Bd5 Ne7 24. Bg2 d5 25. Na3 Qxa4 26. Bf4 Qd7 27. Be5 Ng8
28. Rfe2 Nf6 29. d4 Ne4 30. Bxe4 Bxe4 31. Bg3 Qh3 32. Nb5 Rf3 33. Re3 Rxe3 34.
Rxe3 cxd4 35. Nxd4 Rf8 36. Qe2 Qd7 37. Nb5 h5 38. Nd6 Bh6 39. Rxe4 dxe4 40.
Nxe4 Qf5 41. Kg2 Be3 42. Nf2 Qd5+ 43. Kh3 Rf3 0-1

[Event "V Open Carnevale"]
[Site "Viareggio ITA"]
[Date "2000.02.25"]
[Round "2"]
[White "Vespia, Gianmarco"]
[Black "Genduso, Carmelo"]
[Result "1/2-1/2"]
[WhiteElo "1756"]
[BlackElo "2224"]
[PlyCount "75"]
[EventDate "2000.02.25"]

1. e4 d6 2. d4 Nf6 3. Nc3 c6 4. Bd3 Qb6 5. Nge2 e5 6. dxe5 dxe5 7. O-O Be6 8.
Be3 Qc7 9. f3 Be7 10. Qd2 O-O 11. Ng3 Rd8 12. Qf2 b5 13. a3 Nbd7 14. Rfd1 Rdb8
15. Bf1 a5 16. b3 Qc8 17. Kh1 Qf8 18. a4 b4 19. Nb1 g6 20. Nd2 Qc8 21. Nc4 Qc7
22. Rd2 h5 23. Be2 Kg7 24. h3 Rh8 25. Rad1 Rab8 26. Bg5 h4 27. Bxf6+ Nxf6 28.
Nf1 Nh5 29. Nh2 Bg5 30. Rd6 Be7 31. R6d2 Ng3+ 32. Kg1 Bg5 33. Rd6 Bxc4 34. Bxc4
Rhd8 35. R6d3 Qe7 36. Ng4 Bf4 37. Nh2 Nh5 38. Nf1 1/2-1/2

[Event "V Open Carnevale"]
[Site "Viareggio ITA"]
[Date "2000.02.25"]
[Round "2"]
[White "Weinberg, Emanuele"]
[Black "Pernigotti, Carlo"]
[Result "1/2-1/2"]
[WhiteElo "1743"]
[BlackElo "2203"]
[PlyCount "71"]
[EventDate "2000.02.25"]

1. d4 Nf6 2. c4 d6 3. Nc3 Nbd7 4. e4 e5 5. d5 Be7 6. f3 O-O 7. Be3 c6 8. Bd3
Ne8 9. Nge2 Bg5 10. Qd2 Bxe3 11. Qxe3 c5 12. Ng3 a6 13. h4 Ndf6 14. h5 h6 15.
Nf5 Bxf5 16. exf5 Qa5 17. g4 Nh7 18. Kf2 Nef6 19. g5 Nxg5 20. Rag1 Nd7 21. f6
gxf6 22. Ne4 Qd8 23. f4 exf4 24. Qxf4 Re8 25. Nxd6 Qe7 26. Nxe8 Rxe8 27. Bh7+
Kxh7 28. Qf5+ Kg7 29. Re1 Ne4+ 30. Kg2 Qe5 31. Qxe5 Rxe5 32. Re2 Kf8 33. Rhe1
Rg5+ 34. Kf3 Nd6 35. b3 Rxh5 36. Re7 1/2-1/2

[Event "V Open Carnevale"]
[Site "Viareggio ITA"]
[Date "2000.02.26"]
[Round "3"]
[White "Ambrosi, Arcangelo"]
[Black "Patelli, Alessandro"]
[Result "0-1"]
[WhiteElo "1812"]
[BlackElo "2233"]
[PlyCount "104"]
[EventDate "2000.02.25"]

1. b4 d5 2. Bb2 Qd6 3. a3 e5 4. e3 Nf6 5. c4 c6 6. Nf3 Nbd7 7. Nc3 e4 8. Nd4
dxc4 9. Bxc4 Ne5 10. Be2 Bg4 11. f3 exf3 12. gxf3 Bd7 13. Qc2 Rd8 14. O-O-O Be7
15. h3 Be6 16. Na4 Ned7 17. f4 a6 18. Rhg1 O-O 19. h4 Rc8 20. Nxe6 Qxe6 21. Kb1
c5 22. b5 axb5 23. Bxb5 Nb6 24. Nxb6 Qxb6 25. a4 Kh8 26. Rg5 Rg8 27. Rdg1 h6
28. Rf5 Rcd8 29. e4 Qe6 30. Re5 Qd6 31. Bc4 Rgf8 32. d3 Ne8 33. Rd5 Qxf4 34.
Be5 Qe3 35. Qh2 Bf6 36. Bf4 Qf3 37. Rf5 Rxd3 38. Bxd3 Qxd3+ 39. Qc2 Qd4 40. Qg2
Qb4+ 41. Kc2 Qxa4+ 42. Kd2 Qa2+ 43. Kd1 Qa4+ 44. Ke2 Bd4 45. Rc1 Qc6 46. Qf3
Nf6 47. e5 Nd5 48. Bd2 Qe6 49. Kf1 Ne7 50. Rh5 Nc6 51. Be1 b5 52. Rc2 Ra8 0-1

[Event "V Open Carnevale"]
[Site "Viareggio ITA"]
[Date "2000.02.26"]
[Round "3"]
[White "Cacco, Christian"]
[Black "Pieraccini, Riccardo"]
[Result "1-0"]
[WhiteElo "2263"]
[BlackElo "1717"]
[PlyCount "81"]
[EventDate "2000.02.25"]

1. d4 Nf6 2. Nf3 d6 3. g3 Nbd7 4. Bg2 e6 5. c4 Be7 6. Nc3 O-O 7. O-O Rb8 8. e4
e5 9. Qc2 c5 10. dxe5 dxe5 11. Rd1 Qc7 12. Nh4 a6 13. Nf5 Nb6 14. b3 Bxf5 15.
exf5 Rbd8 16. Re1 Rfe8 17. Bb2 Bd6 18. Re2 Qc8 19. Rae1 Nbd7 20. Rd1 Nb6 21.
Red2 Bc7 22. Rxd8 Bxd8 23. Qd3 Be7 24. Qf3 Qd8 25. Qxb7 Bf8 26. Nd5 Nbxd5 27.
Bxd5 Nxd5 28. Qxd5 Qxd5 29. cxd5 Bd6 30. Kf1 Kf8 31. Ke2 Ke7 32. Kd3 g6 33. Ke4
f6 34. g4 g5 35. h3 Kd8 36. Kd3 Kc7 37. Kc4 Kb6 38. Bc1 Ka5 39. Be3 Be7 40.
Bxc5 Bd8 41. d6 1-0